000 00346 a2200157 4500
001 62250
020 _a0582057639
040 _cAnchieta - Pituba
100 _aLoader, Mandy
240 1 0 _aThe great discovery
_leng
245 1 0 _aThe great discovery
300 _a48
362 0 _a1992
650 4 _aLiteratura juvenil em inglês
942 _cBK
999 _c62250
_d62250